logo

Bir Sreshtho Munshi Abdur Rouf Library
Jhenaidah Cadet College

Fundamentals of molecular spectroscopy / (Record no. 12157)

MARC details
000 -LEADER
fixed length control field 00994nam a2200325 a 4500
001 - CONTROL NUMBER
control field 12157
003 - CONTROL NUMBER IDENTIFIER
control field BD-JhCC
005 - DATE AND TIME OF LATEST TRANSACTION
control field 20210322084638.0
008 - FIXED-LENGTH DATA ELEMENTS--GENERAL INFORMATION
fixed length control field 210322r19942004enka b 001 0 eng d
020 ## - INTERNATIONAL STANDARD BOOK NUMBER
International Standard Book Number 0077079760 (pbk.)
020 ## - INTERNATIONAL STANDARD BOOK NUMBER
International Standard Book Number 0074620258
035 ## - SYSTEM CONTROL NUMBER
System control number (BD-JhCC)12157
040 ## - CATALOGING SOURCE
Language of cataloging eng
Description conventions rda
Modifying agency UkOxU
-- BD-JhCC
Transcribing agency BD-JhCC
082 ## - DEWEY DECIMAL CLASSIFICATION NUMBER
Classification number 535.84
Item number BAN 2004
092 ## - LOCALLY ASSIGNED DEWEY CALL NUMBER (OCLC)
Classification number D0501907441
100 1# - MAIN ENTRY--PERSONAL NAME
Personal name Banwell, C. N.
245 10 - TITLE STATEMENT
Title Fundamentals of molecular spectroscopy /
Statement of responsibility, etc. Colin N. Banwell, Elaine M. McCash.
250 ## - EDITION STATEMENT
Edition statement 4th edition
264 #1 - PRODUCTION, PUBLICATION, DISTRIBUTION, MANUFACTURE, AND COPYRIGHT NOTICE
Place of production, publication, distribution, manufacture London :
Name of producer, publisher, distributor, manufacturer McGraw-Hill,
Date of production, publication, distribution, manufacture, or copyright notice 2004 [reprinted]
264 #4 - PRODUCTION, PUBLICATION, DISTRIBUTION, MANUFACTURE, AND COPYRIGHT NOTICE
Date of production, publication, distribution, manufacture, or copyright notice ©1994
300 ## - PHYSICAL DESCRIPTION
Extent xii, 308 pages :
Other physical details illustrations, tables ;
Dimensions 25 cm.
336 ## - CONTENT TYPE
Content type term text
Source rdacontent
337 ## - MEDIA TYPE
Media type term unmediated
Source rdamedia
338 ## - CARRIER TYPE
Carrier type term volume
Source rdacarrier
504 ## - BIBLIOGRAPHY, ETC. NOTE
Bibliography, etc. note Includes bibliographical references and index.
650 #0 - SUBJECT ADDED ENTRY--TOPICAL TERM
Topical term or geographic name entry element Molecular spectroscopy.
650 #0 - SUBJECT ADDED ENTRY--TOPICAL TERM
Topical term or geographic name entry element Spectrum analysis
700 1# - ADDED ENTRY--PERSONAL NAME
Personal name McCash, Elaine M.,
Dates associated with a name 1961-
Relator term author.
942 ## - ADDED ENTRY ELEMENTS (KOHA)
Source of classification or shelving scheme Dewey Decimal Classification
Koha item type Books
Holdings
Withdrawn status Lost status Source of classification or shelving scheme Damaged status Not for loan Home library Current library Shelving location Date acquired Cost, normal purchase price Total Checkouts Full call number Barcode Date last seen Copy number Price effective from Koha item type
    Dewey Decimal Classification     JCC Rouf Library JCC Rouf Library General Stacks 03/22/2021 842.00   535.84 BAN 2004 16613 03/22/2021 C-1 03/22/2021 Books

JCC Library | Contacts | JCC Home

Last Update on 23 September 2017
Copyright @ 2017-2020 JCC Rouf Library
Rouf Library, Jhenidah Cadet College (JCC), Bangladesh